Music Quiz

Random Music or Song Quiz
Score 0/187 Timer 20:00
0 Plays Today
Track Song % Correct
1Crazy In Love (feat. Jay Z)
98.1%
2Crazy In Love - Live
96.2%
2Crazy In Love - Homecoming Live
96.2%
7danger (young simba & young nala interlude)
95.9%
3Baby Boy (feat. Sean Paul)
94.2%
14Baby Boy - Live
94.2%
4Sorry
94.2%
13Sorry - Original Demo
94.2%
7Sorry - Homecoming Live
94.2%
23Baby Boy - Homecoming Live
94.2%
28Deja Vu (feat. Jay Z) - Homecoming Live
94.2%
13Deja Vu (feat. Jay Z)
92.3%
2Halo
92.3%
3Drunk in Love (feat. Jay Z)
92.3%
6Partition
92.3%
14Blue (feat. Blue Ivy)
92.3%
17Drunk in Love Remix (feat. Jay Z & Kanye West)
92.3%
24Halo - Live
92.3%
11Drunk in Love - Homecoming Live
92.3%
20Partition - Homecoming Live
92.3%
12Dangerously In Love
90.4%
15Daddy
90.4%
9Single Ladies (Put a Ring on It)
90.4%
11Diva
90.4%
1Pretty Hurts
90.4%
4Blow
90.4%
11***Flawless (feat. Chimamanda Ngozi Adichie)
90.4%
157/11
90.4%
16Flawless Remix (feat. Nicki Minaj)
90.4%
19Blow Remix (feat. Pharrell Williams)
90.4%
23Single Ladies (Put a Ring on It) - Live
90.4%
10Diva - Live
90.4%
2Hold Up
90.4%
3Don't Hurt Yourself (feat. Jack White)
90.4%
56 Inch (feat. The Weeknd)
90.4%
11All Night
90.4%
12Diva - Homecoming Live
90.4%
13Flawless/Feeling Myself - Homecoming Live
90.4%
18Don't Hurt Yourself - Homecoming
90.4%
25Hold Up - Homecoming
90.4%
35Single Ladies (Put a Ring on It) - Homecoming Live
90.4%
27SPIRIT - From Disney's 'The Lion King'
89.8%
1Beautiful Liar (feat. Shakira)
88.5%
10If
88.5%
1If I Were a Boy
88.5%
4Broken-Hearted Girl
88.5%
1Love On Top
88.5%
4Countdown
88.5%
10XO
88.5%
8Broken-Hearted Girl - Live
88.5%
9If I Were A Boy/You Oughta Know - Live
88.5%
6Daddy Lessons
88.5%
8Sandcastles
88.5%
10Freedom (feat. Kendrick Lamar)
88.5%
12Formation
88.5%
3Freedom - Homecoming Live
88.5%
5Formation - Homecoming Live
88.5%
26Countdown - Homecoming Live
88.5%
37Love On Top - Homecoming Live
88.5%
2Irreplaceable
86.5%
4Kitty Kat
86.5%
11Freakum Dress
86.5%
7I Care
86.5%
Track Song % Correct
91+1
86.5%
12Best Thing I Never Had
86.5%
17Check On It - Live
86.5%
16Irreplaceable - Live
86.5%
4Freakum Dress - Live
86.5%
1Pray You Catch Me
86.5%
8Kitty Kat - Homecoming Live
86.5%
19I Care - Homecoming Live
86.5%
27Check On It - Homecoming Live
86.5%
30Run the World (Girls) - Homecoming Live
86.5%
5uncle scar (scar interlude)
85.7%
2Naughty Girl
84.6%
6Upgrade U (feat. Jay Z)
84.6%
14Ring The Alarm
84.6%
16Listen (From the Motion Picture 'Dreamgirls')
84.6%
5Ave Maria
84.6%
15Ego
84.6%
11Run the World (Girls)
84.6%
8Rocket
84.6%
9Mine (feat. Drake)
84.6%
22Listen (From the Motion Picture 'Dreamgirls') - Live
84.6%
19Upgrade U - Live
84.6%
12Ego (feat. Kanye West) - Live
84.6%
7Ave Maria - Live
84.6%
3Naughty Girl - Live
84.6%
7Love Drought
84.6%
9Forward (feat. James Blake)
84.6%
17Party - Homecoming Live
84.6%
10Radio
82.7%
12Sweet Dreams
82.7%
2Party (feat. Andre 3000)
82.7%
14I Was Here
82.7%
20Say My Name - Live
82.7%
11Radio - Live
82.7%
32Say My Name (feat. Kelly Rowland & Michelle Williams)
82.7%
1balance (mufasa interlude)
81.6%
3the stars (mufasa interlude)
81.6%
9run away (scar & young simba interlude)
81.6%
11new lesson (timon, pumbaa & young simba interlude)
81.6%
13reunited (nala & simba interlude)
81.6%
16come home (nala interlude)
81.6%
18follow me (simba & rafiki interlude)
81.6%
20remember (mufasa interlude)
81.6%
22war (nala interlude)
81.6%
24surrender (simba & scar interlude)
81.6%
26i'm home (mufasa, sarabi & simba interlude)
81.6%
12Superpower (feat. Frank Ocean)
80.8%
20Standing on the Sun Remix (feat. Mr. Vegas, Clifford Smith, Cleveland Browne & Danny Browne)
80.8%
21Yoncé - Homecoming Live
80.8%
2BIGGER
79.6%
15BROWN SKIN GIRL
79.6%
6Me, Myself and I
78.8%
13Beyoncé Interlude
78.8%
14Gift from Virgo
78.8%
2Haunted
78.8%
7Jealous
78.8%
13Heaven
78.8%
31Lose My Breath (feat. Kelly Rowland & Michelle Williams) - Homecoming Live
78.8%
39Before I Let Go - Homecoming Live Bonus Track
78.8%
12MOOD 4 EVA
77.6%
15Resentment
76.9%
3Schoolin' Life
76.9%
6Dance for You
76.9%
Track Song % Correct
6Smash Into You - Live
76.9%
1Intro - Live
76.9%
6So Much Damn Swag - Interlude - Homecoming Live
76.9%
10I Been On - Homecoming Live
76.9%
16Bug A Boo Roll Call - Interlude - Homecoming Live
76.9%
29The Bzzzz Drumline - Interlude - Homecoming Live
76.9%
40I Been On - Homecoming Live Bonus Track
76.9%
11The Closer I Get to You (by Luther Vandross feat. Beyoncé)
75%
9Get Me Bodied - Extended Mix
75%
6Smash Into You
75%
10End of Time
75%
5No Angel
75%
15You Don't Love Me, No No No - Live
75%
5Get Me Bodied - Live
75%
1Welcome - Homecoming Live
75%
24You Don't Love Me (No, No, No) - Homecoming Live
75%
34Get Me Bodied - Homecoming Live
75%
8Signs (feat. Missy Elliott)
73.1%
10That's How You Like It (feat. Jay Z)
73.1%
7Satellites
73.1%
13Video Phone
73.1%
18Bootylicious - Live
73.1%
9Bow Down - Homecoming Live
73.1%
33Soldier (feat. Kelly Rowland & Michelle Williams)
73.1%
38Shining (Thank You) - Homecoming Live
73.1%
4Hip Hop Star (feat. Big Boi & Sleepy Brown)
71.2%
5Welcome To Hollywood (feat. Jay Z)
71.2%
14Hello
71.2%
18Ring Off
71.2%
25Outro - Live
71.2%
13Hello - Live
71.2%
6DON'T JEALOUS Me
69.4%
14WATER
69.4%
17KEYS TO THE KINGDOM
69.4%
21OTHERSIDE
69.4%
23MY POWER
69.4%
3Green Light
69.2%
22Mi Gente (feat. J Balvin) - Homecoming Live
69.2%
25SCAR
67.3%
9Speechless
67.3%
157/11 - Homecoming Live
67.3%
3Disappear
65.4%
8Rather Die Young
65.4%
14Top Off - Homecoming Live
65.4%
10NILE
65.3%
12Suga Mama
63.5%
5I Miss You
63.5%
4FIND YOUR WAY BACK
61.2%
7Yes
59.6%
36Lift Ev'ry Voice and Sing (feat. Blue Ivy) - Blue's Version - Homecoming Live
59.6%
13Start Over
57.7%
4Lift Ev'ry Voice and Sing - Homecoming Live
57.7%
17Amor Gitano (feat. Alejandro Fernandez)
55.8%
8JA ARA E
55.1%
8World Wide Woman
53.8%
8That's Why You're Beautiful
53.8%
16Scared of Lonely
53.8%
7Flaws and All
51.9%
21At Last - Live
51.9%
5Be With You
50%
19ALREADY
44.9%

You're not logged in!

Compare scores with friends on all Sporcle quizzes.
OR
Log In

Sporcle TV

Today on Sporcle TV


Watch our educational content, quiz creation guides, and fun videos on Sporcle TV.

Show Comments

Extras

Top Quizzes Today


Score Distribution

Paid Content

Your Account Isn't Verified!

In order to create a playlist on Sporcle, you need to verify the email address you used during registration. Go to your Sporcle Settings to finish the process.

Report this User

Report this user for behavior that violates our Community Guidelines.

Details: